Every Governor of Indiana - Statistics

General Stats
  • This quiz has been taken 53 times
    18 since last reset
  • The average score is 4 of 52
Answer Stats
Picture Hint Answer % Correct
R(2013-2017) Mike Pence
100%
D(1989-1997) Evan Bayh
67%
R(2017-2025) Eric Holcomb
50%
R(2025-) Mike Braun
50%
D(1873-1877) Thomas A. Hendricks
33%
DR(1822-1825) William Hendricks
33%
R(1925-1929) Edward L. Jackson
17%
R(2005-2013) Mitch Daniels
17%
D(1909-1913) Thomas R. Marshall
17%
D(1860-1861) Abram A. Hammond
0%
R(1881-1885) Albert G. Porter
0%
R(1889-1891) Alvin Peterson Hovey
0%
D(1857-1860) Ashbel P. Willard
0%
D(1893-1897) Claude Matthews
0%
R(1867-1873) Conrad Baker
0%
W(1837-1840) David Wallace
0%
R(1969-1973) Edgar Whitcomb
0%
R(1924-1925) Emmett Forest Branch
0%
R(1905-1909) Frank Hanly
0%
D(1997-2003) Frank O'Bannon
0%
R(1953-1957) George N. Craig
0%
R(1957-1961) Harold W. Handley
0%
R(1929-1933) Harry G. Leslie
0%
D(1949-1953) Henry F. Schricker
0%
D(1941-1945) Henry F. Schricker
0%
R(1861-1861) Henry Smith Lane
0%
R(1891-1893) Ira Joy Chase
0%
D(1895-1889) Isaac P. Gray
0%
D(1880-1881) Isaac P. Gray
0%
R(1897-1901) James A. Mount
0%
I(1825-1831) James B. Ray
0%
D(1877-1880) James D. Williams
0%
R(1917-1921) James P. Goodrich
0%
D(1843-1848) James Whitcomb
0%
D(2003-2005) Joe Kernan
0%
DR(1816-1822) Jonathan Jennings
0%
D(1849-1857) Joseph A. Wright
0%
D(1961-1965) Matthew E. Welsh
0%
D(1937-1941) Maurice Clifford Townsend
0%
W(1831-1837) Noah Noble
0%
R(1861-1867) Oliver P. Morton
0%
R(1973-1981) Otis Bowen
0%
D(1848-1849) Paris C. Dunning
0%
D(1933-1937) Paul V. McNutt
0%
R(1945-1949) Ralph F. Gates
0%
DR(1822-1822) Ratliff Boon
0%
R(1981-1989) Robert D. Orr
0%
D(1965-1969) Roger D. Branigin
0%
W(1840-1843) Samuel Bigger
0%
D(1913-1917) Samuel M. Ralston
0%
R(1921-1924) Warren T. McCray
0%
R(1901-1905) Winfield T. Durbin
0%
No matching quizzes found
Score Distribution
Percent of People with Each Score
Percentile by Number Answered
Your Score History
You have not taken this quiz since the last reset